Principles of immunology (Record no. 19375)

MARC details
000 -LEADER
fixed length control field 00332nam a2200133Ia 4500
082 ## - DEWEY DECIMAL CLASSIFICATION NUMBER
Classification number 615.37
Item number CUS
100 ## - MAIN ENTRY--AUTHOR NAME
Personal name Campbell, Dan H
245 #0 - TITLE STATEMENT
Title Principles of immunology
260 ## - PUBLICATION, DISTRIBUTION, ETC. (IMPRINT)
Place of publication New York
Name of publisher McGraw Hill
Year of publication 1957
650 ## - SUBJECT ADDED ENTRY--TOPICAL TERM
Topical Term Immunology
700 ## - ADDED ENTRY--PERSONAL NAME
Personal name Cushing, John E
942 ## - ADDED ENTRY ELEMENTS (KOHA)
Koha item type Books
Holdings
Withdrawn status Lost status Damaged status Not for loan Home library Current library Date acquired Full call number Accession Number Koha item type
        RRII Library RRII Library 16/12/2021 615.37 CUS 00111 Books